| 000 | 01525nam a22002657a 4500 | ||
|---|---|---|---|
| 005 | 20110701103321.0 | ||
| 020 |
_a8182631238 _c20.00 |
||
| 020 |
_a9788182631236 _c20.00 |
||
| 035 | _aB-432489-493 | ||
| 037 |
_aDPL _bBlue Berry |
||
| 082 | _aS | ||
| 100 |
_aDeshpande, Jayashree _929848 |
||
| 245 |
_aThe koel's song / _cby jayashree Deshpande; illustrated by Srikrishna Kedilaya; translated by Divaspathy Hegde |
||
| 250 | _a2nd | ||
| 260 |
_aNew Delhi _bPratham Books _c2010 |
||
| 270 |
_a633-634,4th "C" Main,6th 'B' Cross, OMBR Layout Banaswadi, _bBangalore _e560043 _k911141042483 (New Delhi) |
||
| 300 |
_a24p. _bill. _c13 cm.(pbk) |
||
| 942 |
_2ddc _cCH _hS _mDES |
||
| 999 |
_c53473 _d53473 |
||